| 000 | 00756cam a22002413a 4500 | ||
|---|---|---|---|
| 001 | 13992 | ||
| 003 | PGUSA | ||
| 005 | 20140828083311.0 | ||
| 008 | 041109s2004||||xxu|||||s|||||000 1 eng d | ||
| 040 |
_aPGUSA _beng |
||
| 042 | _adc | ||
| 050 | 4 | _aPZ | |
| 100 | 1 |
_aQuiller-Couch, Mabel, _d-1924 |
|
| 245 | 1 | 0 |
_aKitty Trenire _h[electronic resource] / _cMabel Quiller-Couch |
| 260 |
_bProject Gutenberg, _c2004 |
||
| 506 | _aPublic domain in the USA. | ||
| 516 | _aElectronic text | ||
| 653 | _aChildren of physicians -- Juvenile fiction | ||
| 653 | _aCornwall (England : County) -- Social life and customs -- 19th century -- Juvenile fiction | ||
| 830 | 0 |
_aProject Gutenberg _v13992 |
|
| 856 | 4 | 0 | _uhttp://www.gutenberg.org/ebooks/13992 |
| 942 | _cEB | ||
| 999 |
_c243247 _d243247 |
||